Detalles MARC
| 000 -CABECERA |
| campo de control de longitud fija |
01404nam a2200289 a 4500 |
| 001 - NÚMERO DE CONTROL |
| campo de control |
000048117 |
| 003 - IDENTIFICADOR DEL NÚMERO DE CONTROL |
| campo de control |
DO-SdBNP |
| 005 - FECHA Y HORA DE LA ÚLTIMA TRANSACCIÓN |
| campo de control |
20260516003019.0 |
| 008 - DATOS DE LONGITUD FIJA--INFORMACIÓN GENERAL |
| campo de control de longitud fija |
181115s2016 dr ac 000 0 spa d |
| 020 ## - NÚMERO INTERNACIONAL ESTÁNDAR DEL LIBRO |
| Número Internacional Estándar del Libro |
9789945408973 |
| 040 ## - FUENTE DE LA CATALOGACIÓN |
| Centro catalogador/agencia de origen |
DO-SdBNP |
| Lengua de catalogación |
spa |
| Centro/agencia transcriptor |
BNPHU |
| Normas de descripción |
rda |
| 041 ## - CÓDIGO DE LENGUA |
| Código de lengua del texto/banda sonora o título independiente |
spa |
| 082 ## - NÚMERO DE LA CLASIFICACIÓN DECIMAL DEWEY |
| Número de clasificación |
xxxx |
| Número de documento/Ítem |
N936g |
| 100 1# - ENTRADA PRINCIPAL--NOMBRE DE PERSONA |
| Nombre de persona |
Novas, José C., |
| Fechas asociadas al nombre |
1948- |
| 9 (RLIN) |
36104 |
| 245 14 - MENCIÓN DE TÍTULO |
| Título |
Los gavilleros : |
| Resto del título |
la lucha nacionalista contra la ocupación 1916-1924 / |
| Mención de responsabilidad, etc. |
José C. Novas. |
| 250 ## - MENCIÓN DE EDICIÓN |
| Mención de edición |
Primera edición |
| 264 ## - PRODUCCIÓN, PUBLICACIÓN, DISTRIBUCIÓN, FABRICACIÓN Y COPYRIGHT |
| Producción, publicación, distribución, fabricación y copyright |
Santo Domingo : |
| Nombre del de productor, editor, distribuidor, fabricante |
Argos, |
| Fecha de producción, publicación, distribución, fabricación o copyright |
2016 |
| 300 ## - DESCRIPCIÓN FÍSICA |
| Extensión |
143 páginas. : |
| Otras características físicas |
ilustraciones. , retratos. ; |
| Dimensiones |
22 cm. |
| 500 ## - NOTA GENERAL |
| Nota general |
Incluye datos biográficos del autor en las solapas |
| 500 ## - NOTA GENERAL |
| Nota general |
Incluye referencias bibliográficas y notas al pie de las páginas |
| 504 ## - NOTA DE BIBLIOGRAFÍA, ETC. |
| Nota de bibliografía, etc. |
Bibliografía : p. 135-142 |
| 505 0# - NOTA DE CONTENIDO CON FORMATO |
| Nota de contenido con formato |
La intervención -- |
| Título |
Factores externos y antecedentes de la ocupación -- |
| -- |
Nacimiento y desarrollo del nuevo orden -- |
| -- |
La Embajada de Estados Unidos y el desembarco de tropas -- |
| -- |
Resistencia guerrillera y liderazgo de los grupos armados -- |
| -- |
El gobierno militar y la censura -- |
| -- |
Luchas cívicas y reconquista de la soberanía. |
| 590 ## - NOTA LOCAL (RLIN) |
| Nota local |
Inventariado, 2018/LP |
| 650 ## - PUNTO DE ACCESO ADICIONAL DE MATERIA--TÉRMINO DE MATERIA |
| Término de materia o nombre geográfico como elemento de entrada |
Guerrillas |
| Subdivisión general |
Historia |
| Subdivisión cronológica |
XX |
| Subdivisión geográfica |
República Dominicana |
| 9 (RLIN) |
89617 |
| 651 ## - PUNTO DE ACCESO ADICIONAL DE MATERIA--NOMBRE GEOGRÁFICO |
| Nombre geográfico |
República Dominicana Ocupación Norteamericana, 1916-1924 |
| Subdivisión general |
Historia |
| Subdivisión cronológica |
Ocupación Norteamericana, 1916-1924 |
| 9 (RLIN) |
89618 |
| 942 ## - ELEMENTOS DE PUNTO DE ACCESO ADICIONAL (KOHA) |
| Fuente del sistema de clasificación o colocación |
Dewey Decimal Classification |
| Tipo de ítem Koha |
Libro |